000 00475nam a2200181Ia 4500
008 230125s9999 xx 000 0 und d
041 _aeng
082 _a658.5
_bGOA
100 _aGoal B S
_9112236
245 _aProduction operations management
260 _c1997
_bPragati publications
_aMeerut
300 _a544p
500 _aProduction management;Operations management
650 _aManagement
700 _aGoal B S
_9112236
906 _b15
999 _c89192
_d89192